Digest of technical papers /

Bibliographic Details
Corporate Authors: International Quantum Electronics Conference San Francisco, Calif., American Physical Society, Optical Society of America
Format: Conference Proceeding Book
Language:English
Published: [Washington, D.C.] : Optical Society of America, [1986]
Subjects:

MARC

Tag First Indicator Second Indicator Subfields
LEADER 00000cam a2200000 a 4500
001 in00000577752
005 20151014080011.0
008 860821s1986 dcua b 10110 eng d
010 |a  85063756  
020 |a 0936659114 
035 |a (OCoLC)14119172 
035 |9 ACP8303AM 
040 |a RRR  |c RRR  |d m/c  |d TXA  |d UtOrBLW 
049 |a TXAM  |c [A10791781] 
090 |a QC685  |b .I57 1986 
111 2 |a International Quantum Electronics Conference  |n (14th :  |d 1986 :  |c San Francisco, Calif.) 
245 1 0 |a Digest of technical papers /  |c XIV International Conference on Quantum Electronics, 9-13 June 1986, San Francisco, California ; cosponsored by American Physical Society [and others]. 
264 1 |a [Washington, D.C.] :  |b Optical Society of America,  |c [1986] 
264 4 |c ©1986 
300 |a 248 pages :  |b illustrations ;  |c 28 cm. 
336 |a text  |b txt  |2 rdacontent 
337 |a unmediated  |b n  |2 rdamedia 
338 |a volume  |b nc  |2 rdacarrier 
500 |a On cover: International Quantum Electronics Conference. 
500 |a "IEEE catalog number 86CH2273-leaves." 
504 |a Includes bibliograhical references and index. 
650 0 |a Quantum electronics  |v Congresses. 
710 2 |a American Physical Society. 
710 2 |a Optical Society of America. 
999 |a MARS 
999 f f |s 2a66a4d6-6491-3419-a5a4-a7c18968be02  |i beb77fc4-6731-3d3d-8797-56db1d88b708  |t 0 
952 f f |p ric  |a Texas A&M University  |b Rellis Campus  |c Joint Library Facility  |d Remote Storage  |t 0  |e QC685 .I57 1986  |h Library of Congress classification  |i unmediated -- volume  |m A14810791781 
998 f f |a QC685 .I57 1986  |t 0  |l Remote Storage